| 000 | 02100nam a2200433 c 4500 | ||
|---|---|---|---|
| 003 | BLK | ||
| 005 | 20241216105633.0 | ||
| 008 | 180411b bul|||||r ||||||| ||bul|| | ||
| 010 | _aKNG00186564000 | ||
| 020 |
_a978-954-09-0957-8 _bиздат.: Захарий Стоянов |
||
| 040 | _aBLK | ||
| 041 |
_aBUL _cBUL |
||
| 072 | 7 |
_2bullib _aН84 _xБългарска художествена литература Н |
|
| 080 |
_aБългарска литература _b821.163.2 _x-8 _z821.163.2-8 |
||
| 080 |
_aДраматични театри. Театри за драма и комедия. Вж и 82-2 _b792.2 _x.071.2(497.2)(092) _z792.2.071.2(497.2)(092) |
||
| 080 |
_aБългарски актьор _b929 Кисьов, Венцеслав Иванов _x _z929 Кисьов, Венцеслав Иванов |
||
| 100 |
_aКисьов, Венцеслав Иванов _d1946-2014 _gАктьор. Автор на поезия. Преводач от немски език. _9297866 |
||
| 139 |
_aСбогом, нощ! _bС 23 |
||
| 245 | 1 | 0 |
_aСбогом, нощ! _bКн. за Венцеслав Кисьов _cВенцеслав Иванов Кисьов. |
| 257 | _aBGR | ||
| 260 |
_аСофия _bЗахарий Стоянов _c2015 _fСофия : ПК Д. Благоев |
||
| 300 |
_a196 с. _c22Х20 см |
||
| 380 | _aX | ||
| 600 | 0 |
_aКисьов, Венцеслав Иванов _d1946-2014 _gАктьор. Автор на поезия. Преводач от немски език. _9297866 |
|
| 650 | 4 |
_aКисьов, Венцеслав Иванов _9383471 |
|
| 650 | 4 |
_aАртисти, български _9255582 |
|
| 651 | 4 |
_aБългария _9241624 |
|
| 653 | _aВенцеслав Кисьов | ||
| 653 | _aстихотворения | ||
| 653 | _aесета | ||
| 653 | _aбългарски артисти | ||
| 659 | _aН | ||
| 852 | _aЦб 279575 | ||
| 856 | 4 |
_qpdf _u |
|
| 856 | 4 |
_qpdf _u |
|
| 942 |
_cKNG _n0 _05 |
||
| 944 |
_aCR _c17.02.2016 _lМартин Енчев _k30575 |
||
| 944 |
_aED _c10.06.2016 _lф / _kПенка_Димитрова |
||
| 999 |
_c177867 _d177867 |
||